Carregant...
Interrupted time series analysis
| Autor principal: | |
|---|---|
| Format: | Printed Book |
| Idioma: | English |
| Publicat: |
London
Sage
1980
|
| Matèries: |
| LEADER | 00524nam a22001697a 4500 | ||
|---|---|---|---|
| 005 | 20151215124855.0 | ||
| 008 | 090909t xxu||||| |||| 00| 0 eng d | ||
| 082 | |a 519.5 |b MCD | ||
| 100 | |a McDowall, David ...[et al.]. |9 1223 | ||
| 245 | |a Interrupted time series analysis | ||
| 300 | |a 96p. | ||
| 653 | |a Statistics | ||
| 942 | |c BK |6 _ | ||
| 260 | |a London |b Sage |c 1980 | ||
| 020 | |a 0803914938 | ||
| 999 | |c 93355 |d 93355 | ||
| 952 | |0 0 |1 0 |2 ddc |4 0 |6 5195_MCD |7 0 |9 117281 |a SMS |b SMS |c REF |d 2009-09-09 |o 519.5 MCD |p SMS014048 |r 2009-09-09 |w 2009-09-09 |y REF | ||